Kids Name The Pictures - Statistics

General Stats
  • This quiz has been taken 23 times
  • The average score is 6 of 12
Answer Stats
Picture Answer % Correct
Harry Potter
79%
Taj Mahal
74%
Hot Air Balloon
68%
Great Wall Of China
63%
Soccer ball
63%
Star wars
63%
Wombat
63%
Lacrosse
47%
Easel
42%
Bao
32%
Quokka
32%
Dosa
16%
No matching quizzes found
Score Distribution
Percent of People with Each Score
Percentile by Number Answered
Your Score History
You have not taken this quiz